Servicios básicos para los niños: la determinación constante de las prioridades en materia de aprendizaje

Kaydedildi:
Detaylı Bibliyografya
Materyal Türü: Kitap
Dil:İspanyolca
Baskı/Yayın Bilgisi: París UNESCO 1980
Seri Bilgileri:Experiencias e innovaciones en educación, 36-37
Konular:
Etiketler: Etiketle
Etiket eklenmemiş, İlk siz ekleyin!

MARC

LEADER 00000nam a2200000 a 4500
001 UCY0628
003 CL-VaPUC
008 940809e19800000FR |||||||||||||||||spa|d
082 0 4 |a 371.102  |b SER  |2 21 
245 1 0 |a Servicios básicos para los niños: la determinación constante de las prioridades en materia de aprendizaje 
300 |a 224 p 
942 |c BK 
945 |d 19940809 00:00:00  |a rbrito 
260 |a París  |b UNESCO  |c 1980 
650 0 |a Educación básica   |9 224933 
650 0 |a Aptitud de aprendizaje  |9 328413 
583 |a last modification  |c 19940809 00:00:00  |k Rodrigo Vera 
490 0 |a Experiencias e innovaciones en educación, 36-37 
999 |c 229590  |d 229588 
952 |0 0  |1 0  |4 0  |6 371_102000000000000_SER_1980  |7 0  |8 P  |9 230889  |a BIBEDU  |b BIBEDU  |c BIBEDU_PB  |d 2019-11-15  |i 3002071  |o 371.102 SER 1980  |p 3002071  |r 2024-01-25  |w 2019-11-15  |y BK  |k EDU